Pacific high : adventures in the coast ranges from Baja to Alaska /

"On a promising January morning, the first day of a new year, writer Tim Palmer and his wife set out in their custom-outfitted van on a nine-month journey through the Pacific Coast Range, the ribbon of rugged landscape lining the sunset edge of our continent. With a route stretching from the dr...

Full description

Saved in:
Bibliographic Details
Main Author: Palmer, Tim, 1948-
Format: Book
Language:English
Published: Washington : Island Press, c2002.
Subjects:
Tags: Add Tag
No Tags, Be the first to tag this record!
LEADER 03593cam a2200373 a 4500
001 009036666-2
005 20041218195927.0
008 020410s2002 dcuab b 001 0deng
010 |a  2002005689 
020 |a 1559636491 (hardcover : alk. paper) 
020 |a 1559636505 (paperback : alk. paper) 
035 0 |a ocm49610964 
040 |a DLC  |c DLC 
043 |a n-us--- 
050 0 0 |a F851  |b .P23 2002 
082 0 0 |a 917.904/33  |2 21 
100 1 |a Palmer, Tim,  |d 1948- 
245 1 0 |a Pacific high :  |b adventures in the coast ranges from Baja to Alaska /  |c Tim Palmer. 
260 |a Washington :  |b Island Press,  |c c2002. 
300 |a xii, 468 p. :  |b ill., maps ; 21 cm. 
500 |a "A Sheerwater book" -- t.p. verso. 
504 |a Includes bibliographical references (p. 441-454). 
505 0 0 |t Prologue: Between the Sea and the Sky  |g ix --  |g Chapter 1  |t Into Baja  |g 3 --  |g Chapter 2  |t The Volcan and the Mexican Desert  |g 29 --  |g Chapter 3  |t Borderlands and Refuges  |g 49 --  |g Chapter 4  |t Rising Above Los Angeles  |g 81 --  |g Chapter 5  |t Mountains and Fire  |g 101 --  |g Chapter 6  |t A Dream of Condors  |g 133 --  |g Chapter 7  |t The People's Mountains  |g 163 --  |g Chapter 8  |t The North Coast  |g 201 --  |g Chapter 9  |t Kalmiopsis to the Columbia  |g 239 --  |g Chapter 10  |t Olympic Odyssey  |g 271 --  |g Chapter 11  |t The Island of a Different Nation  |g 297 --  |g Chapter 12  |t Northward by Boat  |g 327 --  |g Chapter 13  |t Glaciers to the Sea  |g 347 --  |g Chapter 14  |t The Ultimate Mountains  |g 379 --  |g Chapter 15  |t Across the Icefield  |g 411 --  |g Chapter 16  |t To the Ends of the Earth  |g 421. 
520 1 |a "On a promising January morning, the first day of a new year, writer Tim Palmer and his wife set out in their custom-outfitted van on a nine-month journey through the Pacific Coast Range, the ribbon of rugged landscape lining the sunset edge of our continent. With a route stretching from the dry mesas of the Baja Peninsula to the storm-swept Alaskan island of Kodiak, they embarked on an incomparable tour of North America's coastal mountains high above the Pacific." 
520 8 |a "In Pacific High, Palmer recounts that adventure, interweaving tales of exploration and discovery with portraits of the places they visited and the people they came to know along the way. Bringing together images of locations both exotic and familiar with profiles of intriguing people and descriptions of outdoor treks on foot, skis, mountain bike, canoe, and whitewater raft, Palmer captures the brilliant wonders of nature, the tragedy of irreversible loss, and the hope of everyone who cares for this extraordinary but threatened edge of North America." 
520 8 |a "At the heart of the story is the author's concern for the health of the land and all its life. Nature thrives in many parts of the Coast Range - pristine rivers and ancient forests still promise refuge to the king salmon and the grizzly bear - but with a human population of 36 million, nature is under attack throughout the region. Clearcutting, smog, sprawling development, and more threaten even national parks and refuges. Yet throughout Palmer remains hopeful, introducing readers to memorable people who strive for lasting stewardship in this land they call home."--Jacket. 
600 1 0 |a Palmer, Tim,  |d 1948-   |x Travel  |z Coast Ranges. 
651 0 |a Coast Ranges  |x Description and travel. 
651 0 |a Pacific Coast (U.S.)  |x Description and travel. 
651 0 |a United States  |x Description and travel. 
650 0 |a Mountains  |z Pacific Coast (U.S.) 
776 0 8 |i Online version:  |a Palmer, Tim, 1948-  |t Pacific high.  |d Washington : Island Press, ©2002  |w (OCoLC)606933153 
988 |a 20030210 
906 |0 DLC